[Event "Klubbmesterskapet 2014 (A)"]
[Site "Ås, Akershus NOR"]
[Date "2014.02.06"]
[Round "3"]
[White "Furnes, Torstein"]
[Black "Fuglseth, Jan"]
[Result "1-0"]
[WhiteElo "1595"]
[BlackElo "1584"]
[Annotator "Furnes, Torstein"]
[PlyCount "35"]
[EventDate "2014.01.16"]

1. d4 Nf6 2. c4 g6 3. Nc3 Bg7 4. e4 d6 5. Nf3 Bg4 6. Be2 O-O 7. O-O Bxf3 {
Vanligere er Sfd7 eller c5.} 8. Bxf3 e5 9. d5 Nbd7 10. Bg5 h6 11. Be3 b6 12.
Qd2 Kh7 13. b4 Nxe4 $6 {Dette springerofferet er en interessant ide. Men i
akkurat denne stillingen fungerer det ikke, fordi hvit får trusler mot g6 før
svart rekker å vinne tilbake offiseren.} 14. Bxe4 f5 15. Bc2 f4 16. Qd3 fxe3 $2
{Nå blir svart forsert matt. Fritz foreslår} (16... e4 17. Qxe4 Qg5 18. Bd4 f3
19. g3 Rae8 20. Qd3 Qh5 21. Bxg7 Kxg7 22. Rfe1) 17. Qxg6+ Kh8 ({
Alternativt kunne avslutningen blitt} 17... Kg8 18. Qh7+ Kf7 19. Bg6+ Kf6 (
19... Ke7 20. Qxg7+ Rf7 21. Qxf7#) 20. Ne4+ Ke7 21. Qxg7+ Rf7 22. Qxf7#) 18.
Qh7# 1-0

[Event "Klubbmesterskapet 2014 (A)"]
[Site "Ås, Akershus NOR"]
[Date "2014.04.03"]
[Round "4"]
[White "Flügel, Stefan"]
[Black "Lange, Holger"]
[Result "1/2-1/2"]
[WhiteElo "1681"]
[BlackElo "1634"]
[Annotator "Stefan Flügel"]
[PlyCount "131"]
[EventDate "2014.01.16"]

{593MB, Rybka3Gen.ctg} 1. d4 {[%emt 0:00:00]} Nf6 2. Nf3 d5 3. e3 Bg4 4. c4 e6
5. Qb3 Qc8 ({første valg til Rybka er faktisk:} 5... Nc6 $5 6. Qxb7 Nb4 7. Qb5+
c6 8. Qa4 Bf5 9. Na3 a5 10. Ne5 Qc7 {og dataprogrammet vurderer stillingen som
likt (ser altså nok kompensasjon for bonden)}) 6. Ne5 Bf5 7. Nc3 dxc4 8. Bxc4
Bd6 9. O-O O-O 10. Re1 Bxe5 11. dxe5 Nfd7 12. e4 Bg6 13. f4 Nc6 14. Qd1 (14.
Bf1 {beholder i følge Rybka en liten fordel}) 14... Nb6 15. Bb3 Rd8 16. Qg4 Nd4
17. Bd1 c5 18. h4 h6 19. h5 Bh7 20. Re3 Kh8 (20... Rd7 21. Rg3 Qf8 {var også
mulig}) 21. Rg3 Rg8 22. Be3 Qd7 (22... Qc6 {med press på e4 var litt bedre})
23. Kh2 Nc4 24. Bc1 b5 25. b3 Nb6 26. Bf3 b4 27. Nd1 Nxf3+ 28. Qxf3 Qd4 29. Bb2
Qxe4 30. Qxe4 Bxe4 {svart har vunnet en bonden og står best} 31. Nf2 Bf5 32.
Rd1 Rad8 33. Rd6 $2 Nc8 (33... c4 $1 {var sterkere; i alle varianter står
svart på gevinst} 34. Bd4 (34. bxc4 Nxc4 35. Rxd8 Rxd8 36. Bc1 a5) 34... Rxd6
35. exd6 c3 36. Bxc3 bxc3 37. Rxc3 Rd8 38. Rc6 Nd5) 34. Rxd8 Rxd8 35. Rf3 $2 (
35. Bc1 {var vel bedre men svart har klar fordel uansett}) 35... Rd2 36. Bc1
Rxa2 37. Be3 Rc2 (37... c4 {igjen første valg av Rybka}) 38. Kg1 Rc3 39. g4 Bc2
40. f5 exf5 41. gxf5 Bxb3 ({Rybka vil fremdeles spiller:} 41... c4 {med mulig
fortsettelse...} 42. f6 cxb3 43. fxg7+ Kxg7 44. Rg3+ Kh7 45. Ng4 Ne7 46. Nf6+
Kh8 47. e6 Rxe3 48. Rxe3 b2 49. exf7 b1=Q+ 50. Kg2 Be4+ 51. Nxe4 Qa2+ 52. Kg1
Qxf7) 42. f6 Nb6 $2 {'Trekket fortjener nesten to spørsmålstegn fordi det
kaster bort seieren som jeg virkelig i handa i denne øyeblikk. Men på annen
side var ingen av oss klar over det når det skjedde, partiet er ganske
komplisert også etter det (H.L.)' Etter partiet blir vi rask enig på at svart
må bytte en gang på f6; Rybka bekrefte det og vurderer stilling etter} (42...
gxf6 43. exf6 Nd6 {som -6.6}) 43. Ne4 $1 {etter dette trekket har hvit -
utrolig nok - tilstrekkelig motspill} Rc2 $2 {og nå er det faktisk hvit som
står best} (43... Nd5 44. Nxc3 Nxc3 45. Bxc5 a5 {er det beste svart kan gjør;
stillingen er komplisert med sjansen til begge sider}) 44. fxg7+ Kxg7 45. Rg3+
Kf8 46. Bxh6+ Ke7 47. Rxb3 {automatisk spilt, men mye bedre var} (47. Bg5+ Ke6
48. h6 {og svart kan ikke stoppe bonden}) 47... Rc4 48. Nd6 {med uklart
stilling; igjen ville} (48. Bg5+ {være avgjørende for hvit} Kf8 (48... Ke6 49.
h6 Rxe4 50. h7 Rg4+ 51. Kf2 Rxg5 52. h8=Q) 49. Nf6 Rc3 (49... Kg7 50. Rg3 Kf8 (
50... Kh8 51. Be3 {(#3)}) 51. h6) 50. Bh6+ Ke7 51. Rxc3 bxc3 52. Bf4 Kf8 53. h6
c2 54. Kf2 Nc4 55. Ke2 Na3 56. Kd3 c4+ 57. Kc3 a5 58. Bc1 {og hvit plukker opp
bøndene}) 48... Rg4+ 49. Kf2 Ke6 50. Bf8 $2 {en alvorig feil} (50. Rf3 Rh4 51.
Nf5 Rg4 52. Bc1 {og hvit står litt bedre i følge Rybka. I spill blant
mennesker har så klart begge sider sjanse for å vinne, det er svært lett å
gjøre feil i et slikt sluttspill}) 50... Nd7 51. Bh6 Nxe5 52. Nb7 Kd5 53. Rh3
Rg8 54. Bd2 c4 55. Bxb4 Nd3+ 56. Rxd3+ cxd3 57. Bd2 Re8 58. h6 Rh8 (58... Re2+
59. Kg3 f6 (59... Rxd2 $4 60. h7) 60. Na5 (60. h7 $2 Re8) 60... f5 61. h7 Re8
62. Bc3 d2 63. Bxd2 Rh8 64. Kf4 Rxh7 65. Kxf5 {er vel en remis det og}) 59. Kf3
Rh7 60. Na5 f5 61. Nb3 Kc4 62. Na5+ Kd5 63. Be3 a6 64. Bd2 Kd4 65. Nb3+ Kc4 66.
Na5+ 1/2-1/2

[Event "Klubbmesterskapet 2014 (A)"]
[Site "Ås, Akershus NOR"]
[Date "2014.02.13"]
[Round "4"]
[White "Fuglseth, Jan"]
[Black "Bakken, Svein-Erik"]
[Result "1-0"]
[WhiteElo "1584"]
[BlackElo "1408"]
[Annotator "Lea, Per"]
[PlyCount "93"]
[EventDate "2014.01.16"]

1. c4 c5 2. Nc3 e6 3. Nf3 a6 4. d4 {[%emt 0:00:00]} cxd4 5. Nxd4 Qc7 6. e3 Nf6
7. Bd3 Nc6 8. O-O Be7 9. Bd2 O-O 10. Rc1 d6 11. f4 Bd7 12. Nf3 Rac8 13. a3 Qd8
14. b4 {Svart holder alle brikkene på 6.-, 7.- og 8.-raden, og skal passe seg
så ikke hvit får dominere alt for mye.} Na7 15. Qe2 Bc6 16. e4 Qd7 $2 17. Be3 (
{Hvit kan vinne en offiser, men på bekostning av to bønder. Critter 1.6 nøler
ikke, og foretrekker hvits stilling etter:} 17. b5 axb5 18. cxb5 Nxb5 19. Nxb5
Bxe4 20. Bb4) 17... Ra8 18. Rcd1 ({Fremdeles vinner} 18. b5 {en offiser}) 18...
Qc7 19. h3 Nd7 20. Nd4 Bf6 21. Rc1 Qd8 22. Qh5 ({
Her var bondeframstøtet om mulig enda bedre:} 22. b5 axb5 23. cxb5 Nc5 24. bxc6
Bxd4 25. Bxd4 Nxc6 26. Bf2 {og nå har svart bare fått en bonde for offiseren})
22... g6 23. Qg4 Bg7 24. Nf3 Nf6 (24... Bxc3 25. Rxc3 Nf6 26. Qh4 Nxe4 {
vinner en bonde, men svekker kongefløyen}) 25. Qh4 Nc8 26. Nd4 Bd7 27. f5 Nh5
28. Qe1 Ne7 29. Nce2 exf5 30. exf5 Nc6 31. Qd2 Ne5 32. Be4 Nf6 33. Bxb7 Rb8 34.
Bd5 Qc8 35. fxg6 Nxg6 36. Nf4 Nxd5 37. Nxd5 Qd8 38. Bg5 f6 39. Bh6 Ne5 40. Qe3
{Selv om svart har løperparet og bare ligger under med en bonde, er stillingen
vanskelig å holde} Rc8 41. Qg3 Ng6 42. Bxg7 Kxg7 43. Qxd6 Ne5 44. c5 {
Hvit bare øker fordelen sin med enkle trekk} Nc6 45. Nf4 Nxd4 46. Qxd4 Bb5 $4
47. Ne6+ {Game, set og match!} 1-0

[Event "Klubbmesterskapet 2014 (A)"]
[Site "Ås, Akershus NOR"]
[Date "2014.03.13"]
[Round "4"]
[White "Høva, Frode"]
[Black "Furnes, Torstein"]
[Result "0-1"]
[WhiteElo "1540"]
[BlackElo "1595"]
[Annotator "Furnes,Torstein"]
[PlyCount "82"]
[EventDate "2014.01.16"]

1. d4 d5 2. c4 e6 3. Nc3 Nf6 4. cxd5 exd5 5. Bg5 Be7 6. e3 O-O 7. Bd3 Nbd7 8.
Nge2 c6 9. Qc2 Re8 10. O-O Nf8 11. f3 Ng6 12. Rad1 Be6 13. e4 ({Relevant:} 13.
Ng3 Rc8 14. a3 Qc7 15. Rfe1 Rcd8 16. b4 Bc8 17. Na4 Nf8 18. Bf5 g6 19. Bf4 Bd6
20. Bxd6 Qxd6 21. Bxc8 Rxc8 22. e4 N6d7 23. Nf1 Rcd8 24. Nc3 Qf4 25. Ne3 dxe4
26. fxe4 Ne6 27. Rd3 Qh4 28. Rf1 f5 29. g3 Qg5 30. Ng2 Ng7 31. e5 Ne6 32. Ne2
Nb6 33. Ngf4 Qe7 34. h4 Nd5 35. h5 Ndxf4 36. gxf4 Kg7 37. b5 Qd7 38. bxc6 bxc6
39. Rc1 Rc8 40. Kf2 Qd8 41. Rh3 Nxd4 42. Qc4 Nxe2 {Lafarga Santorroman,D (2636)
-Cruzado Duenas,C (2584) ICCF email 2010 1/2-1/2}) 13... dxe4 14. fxe4 Ng4 15.
Bxe7 Qxe7 16. Qd2 Qc7 $146 ({Predecessor (9):} 16... c5 17. d5 Bd7 18. h3 N4e5
19. Ng3 c4 20. Bc2 Qc5+ 21. Kh1 Rad8 22. Nce2 b5 23. Nh5 f6 24. Neg3 c3 25.
Qxc3 Qxc3 26. bxc3 Nc4 27. Nf5 Bxf5 28. exf5 Nf8 29. Rd3 Ne3 30. Rf2 Nxc2 31.
Rxc2 Re5 32. Rg3 Rxf5 33. Nxg7 Rf1+ 34. Kh2 Rxd5 35. Nf5+ Kf7 36. Rg7+ Ke6 37.
Ne3 Rfd1 38. Nxd5 Kxd5 39. Rf7 {1-0 (39) Padevsky,N (2435)-Panchenko,A (2465)
Moscow 1989}) 17. e5 Rad8 18. Ne4 Bxa2 19. Nd6 Rxd6 $1 $17 {Dette
kvalitetsofferet er førstevalget til Fritz 11.} 20. exd6 Qxd6 21. Nf4 ({Fritz
mener at hvit må spille} 21. Ng3 Qxd4+ 22. Kh1 $17) 21... Qxd4+ 22. Kh1 Rd8 ({
Bedre er} 22... Ne3 23. Rde1 Re5) 23. Nxg6 hxg6 24. Rf4 Qd7 25. Qe2 Nf6 26. b3
$2 Bxb3 27. Bc2 Bd5 28. Qf2 b5 29. h3 $2 Qxh3+ 30. Kg1 Qd7 31. Ra1 Ra8 32. Rd4
a5 33. Re1 Re8 34. Rxe8+ Qxe8 35. Rd1 a4 36. Re1 Qd8 37. Qc5 Qb8 38. Qe7 $6 Qg3
39. Re2 Ng4 40. Qc5 Qh2+ 41. Kf1 Qf4+ (41... Qf4+ 42. Ke1 (42. Kg1 Qc1+) 42...
Qc1+ 43. Bd1 Qxc5) 0-1

[Event "Klubbmesterskapet 2014 (A)"]
[Site "Ås, Akershus NOR"]
[Date "2014.02.13"]
[Round "4"]
[White "Lea, Per"]
[Black "Holm, Bjarne"]
[Result "1-0"]
[WhiteElo "1662"]
[BlackElo "1447"]
[Annotator "Lea, Per"]
[PlyCount "121"]
[EventDate "2014.01.16"]

1. e4 e5 2. Nf3 Nc6 3. Bb5 a6 4. Ba4 Nf6 5. O-O b5 6. Bb3 Be7 7. Re1 d6 8. c3
Bg4 (8... O-O 9. h3 Na5 10. Bc2 c5 11. d4 {er den vanligste varianten her}) 9.
d3 O-O 10. Nbd2 (10. h3 Bd7 {var muligens litt mer nøyaktig}) 10... Qd7 {
Nå må plutselig hvit vurdere om svart kan ofre offiser mot 2 bønder hvis h3
blir spilt} 11. Nf1 a5 12. Re3 $2 {Satser på et seinere offer på h3, hvoretter
springeren på f3 flytter til et fordelaktig felt og gir samtidig en avdekker
på dronninga på h3. Hvits problem er bare at svart ikke gir seg inn på slike
varianter, og tårnmanøvren viser seg som et eneste stort tempotap} a4 13. Bc2
d5 $1 {En ubehagelig overraskelse} 14. h3 ({Her vurderte jeg lenge} 14. d4 {
for å åpne opp for Lc2, men etter} exd4 15. cxd4 dxe4 16. Bxe4 Nxe4 17. Rxe4
Rae8 18. Re1 {er det svart som står klart best}) 14... d4 15. Re1 Bh5 {
Der forsvinner mesteparten av svarts fordel} (15... Bxf3 16. Qxf3 a3 17. Bb3
Na5 {og svart står litt bedre}) 16. Ng3 Bg6 17. Nh4 Ne8 18. Nxg6 hxg6 {
Selv om hovedregelen er "slå mot sentrum!", kunne det her vært bedre å åpne
f-linja} 19. f4 $2 {Et naturlig, men tvilsomt trekk} (19. a3 {
fører til en mikroskopisk fordel for svart}) 19... Bh4 $1 20. Kh2 f6 {
For passivt} (20... exf4 21. Bxf4 g5 22. Bd2 Qd6 23. Qf3 {
og hvit må kjempe hardt for å holde hodet over vannet}) 21. Rf1 Ra6 {
Plutselig er det hvit som har en ørliten fordel} 22. f5 ({
For å beholde fordelen, burde hvit ha prøvd} 22. Ne2 exf4 23. Nxf4 Ne5 24. cxd4
Qxd4 25. g3) 22... Bxg3+ 23. Kxg3 gxf5 24. Rxf5 g6 25. Qg4 Ne7 26. Rf3 Qxg4+
27. Kxg4 c5 28. Kg3 Ng7 29. Bd2 Nc8 30. Re1 Nd6 31. cxd4 cxd4 32. Kh2 Rc6 33.
Bb1 {Vanligvis er løperparet sterkere enn springerparet, men her har hvit
store problemer med å få aktivisert løperne sine} Nge8 34. g4 Kg7 35. g5 Nf7
36. gxf6+ Nxf6 37. Ref1 Nh7 38. Bb4 Nd6 $1 {Alt annet taper direkte!} 39. Rxf8
Nxf8 40. Kg3 Ne6 41. Bd2 Rc8 42. a3 Nc5 43. Bg5 Nd7 44. Be7 Ne8 45. Bg5 Nef6
46. Rf2 Nh5+ 47. Kg2 Rf8 48. Rc2 $1 Nf4+ 49. Bxf4 exf4 50. Rc7 Rf7 51. Ba2 Re7
52. Be6 {Endelig har hvit fått løperen i spill - og det første den gjør, er å
bli byttet ut. Men alt for en god sak!} Rxe6 53. Rxd7+ Kf6 54. Rxd4 Re5 55. Kf3
g5 56. h4 gxh4 57. Kxf4 Rg5 $4 (57... h3 {hadde ført til neglebiting hos hvit,
som ikke hadde all verdens tid igjen, heller}) 58. Rd6+ Ke7 59. Kxg5 Kxd6 60.
Kxh4 Kc5 61. e5 {Og svart ga opp. Mot 2 sammenhengende fribønder er svart
sjanseløs: han kan jo aldri slå den bakerste bonden, for da går den andre rett
inn} 1-0

[Event "Klubbmesterskapet 2014 (A)"]
[Site "Ås, Akershus NOR"]
[Date "2014.02.13"]
[Round "4"]
[White "Kielland-Lund, Jon"]
[Black "Moberg, Jan Rune"]
[Result "0-1"]
[WhiteElo "1609"]
[BlackElo "1506"]
[PlyCount "40"]
[EventDate "2014.01.16"]

1. c4 b6 2. d4 Bb7 3. Nc3 f5 4. Nf3 e6 5. g3 Be7 6. Bg2 Nf6 7. O-O a5 8. d5 Qc8
9. Nd4 O-O 10. Qc2 Na6 11. a3 Nc5 12. b3 g6 13. Rd1 e5 14. Nf3 d6 15. Bh6 Re8
16. b4 Ncd7 17. Ng5 Ng4 18. Ne6 Nxh6 19. e4 Nf6 20. exf5 Nxf5 0-1

[Event "Klubbmesterskapet 2014 (A)"]
[Site "Ås, Akershus NOR"]
[Date "2014.02.27"]
[Round "5"]
[White "Moberg, Jan Rune"]
[Black "Flügel, Stefan"]
[Result "1/2-1/2"]
[WhiteElo "1506"]
[BlackElo "1681"]
[Annotator "Furnes, Torstein"]
[PlyCount "57"]
[EventDate "2014.01.16"]

1. e4 e6 2. d3 c5 3. c3 Nc6 4. Be2 b6 5. Bf4 Bb7 6. Nd2 d5 7. Ngf3 Nge7 8. O-O
Ng6 9. Bg3 h5 10. h4 Bd6 11. Ng5 Nf4 12. exd5 exd5 13. Bf3 Ne7 14. c4 ({
Hvit vinner offiser etter} 14. Bxf4 Bxf4 15. Qa4+ Qd7 16. Qxf4) 14... Nxd3 15.
cxd5 Bxg3 16. fxg3 Bxd5 17. Bxd5 Qxd5 18. Nxf7 O-O 19. Ng5 g6 20. Nde4 Rad8 21.
Qe2 Nf5 22. Nc3 Rde8 23. Qc2 Qd4+ 24. Kh2 Re3 ({
Svarts mest effektive vinstvariant er} 24... Ne3 25. Rxf8+ Kxf8 26. Nf3 Ng4+
27. Kh1 (27. Kh3 Ndf2+ 28. Qxf2 Qxf2) 27... Ndf2+ 28. Kg1 Nd1+ $1 29. Kh1 (29.
Nxd4 Re1#) (29. Kf1 Nh2+ $1 30. Nxh2 Ne3+ 31. Kg1 Nxc2+ 32. Kh1 Nxa1) 29...
Re1+ $1 30. Nxe1 Ndf2+ 31. Qxf2+ (31. Kg1 Nh3+ 32. Kf1 Nh2+ 33. Ke2 Ng1#) 31...
Qxf2 $19) 25. Rf3 Ne1 26. Rxe1 Rxe1 27. Ne2 Qb4 ({
Fritz 10 mener at svarts fordel er oppe i nesten -4 etter} 27... Qd1 28. Qxd1 (
28. Qc4+ $2 Kg7 29. Ne6+ Kf6 30. Qc3+ Kxe6 $19) 28... Rxd1 $19) 28. a3 Qb5 29.
Nf4 1/2-1/2

[Event "Klubbmesterskapet 2014 (A)"]
[Site "Ås, Akershus NOR"]
[Date "2014.02.27"]
[Round "5"]
[White "Holm, Bjarne"]
[Black "Kielland-Lund, Jon"]
[Result "1/2-1/2"]
[WhiteElo "1447"]
[BlackElo "1609"]
[PlyCount "71"]
[EventDate "2014.01.16"]

1. Nf3 d5 2. d4 Nf6 3. c4 c6 4. Nc3 dxc4 5. e3 b5 6. b3 cxb3 7. axb3 e6 8. Bd3
Bb7 9. O-O a6 10. Bb2 c5 11. dxc5 Bxc5 12. Ne5 O-O 13. Qc2 Qb6 14. Ne4 Nxe4 15.
Bxe4 Bxe4 16. Qxe4 Ra7 17. b4 Be7 18. Bd4 Qb7 19. Qg4 f5 20. Qg3 Ra8 21. Nd7
Rf7 22. Ne5 Bd6 23. Bc5 Bxe5 24. Qxe5 Qc6 25. Rfd1 Nd7 26. Qd6 Rc8 27. Rxa6
Qxd6 28. Bxd6 Nf6 29. Bc5 Ne4 30. Rc6 Rfc7 31. Rxc7 Rxc7 32. Rc1 Kf7 33. f3
Nxc5 34. bxc5 b4 35. Rb1 Rxc5 36. Rxb4 1/2-1/2

[Event "Klubbmesterskapet 2014 (A)"]
[Site "Ås, Akershus NOR"]
[Date "2014.02.27"]
[Round "5"]
[White "Furnes, Torstein"]
[Black "Lea, Per"]
[Result "0-1"]
[WhiteElo "1595"]
[BlackElo "1662"]
[Annotator "Lea, Per"]
[PlyCount "102"]
[EventDate "2014.01.16"]

1. d4 Nf6 2. c4 g6 3. Nc3 Bg7 4. e4 d6 5. Nf3 O-O 6. Be2 e5 7. O-O (7. dxe5
dxe5 8. Qxd8 Rxd8 9. Nxe5 Nxe4 {gir ingenting}) 7... Nbd7 8. Be3 Re8 9. d5 Nc5
10. Qc2 a5 11. a3 Ng4 12. Bg5 Qd7 13. b4 axb4 14. axb4 Rxa1 15. Rxa1 Na6 16.
Qb3 f5 17. Bd2 h6 18. Bd3 Qf7 19. Na4 fxe4 20. Bxe4 Bf5 21. Qd3 $2 ({Etter} 21.
Nc3 {ser det ut til at hvit står helt greit. Etter teksttrekket kan diagonalen
h8-a1 bli farlig.}) 21... Bxe4 22. Qxe4 Nf6 23. Qe3 $2 ({Dronninga burde gått
til et felt hvor den ikke blir truet av svarts springer i trekk 24, f.eks.} 23.
Qe2) 23... e4 24. Ne1 Ng4 $1 25. Qe2 Bxa1 ({I begynnende tidsnød vurderte jeg} 
25... e3 26. fxe3 Nxe3 27. Rb1 {men fant dessverre ikke} Bd4 ({Etter} 27...
Nxd5 28. Qf2 Nf6 {blir svart bare liggende bonde over}) 28. Qd3 Nxb4 $1 29.
Rxb4 (29. Bxb4 Nc2+ 30. Kh1 Re3 $19) 29... Re4 30. Nf3 Ng4+ 31. Be3 Bxe3+ 32.
Kf1 Rd4 33. Qc2 Nxh2+ 34. Ke2 Bg5 35. Nxh2 Qe8+ 36. Kf1 Rd2 $19 {
- men det var det kanskje heller ikke så mange andre som gjorde...?}) 26. Qxg4
Bd4 27. Be3 Bxe3 28. fxe3 Rf8 29. Qe2 Nxb4 30. Nc3 Qf5 31. Nb5 Rf7 (31... Ra8
32. Nd4 (32. Nxc7 $4 Ra1 33. Qf1 Nd3 34. Qxf5 gxf5 $19)) 32. Nd4 Qf6 33. h3 c5
34. dxc6 bxc6 35. Nec2 Nxc2 36. Qxc2 c5 37. Nc6 Qf1+ 38. Kh2 Qd3 39. Qb2 Qxe3
40. Qb8+ Kh7 41. Nd8 Qf4+ (41... Rf1 42. Qc7+ Kg8 43. Qxd6 Qg1+ 44. Kg3 Rf3+
45. Kh4 Qf2+ 46. g3 Rf4+ 47. Qxf4 g5+ 48. Qxg5+ hxg5+ 49. Kxg5 e3 $19) 42. Kh1
d5 43. Qb6 Qc7 (43... e3 44. Nxf7 e2 {er enda mer overbevisende}) 44. Qxc7 Rxc7
45. Ne6 e3 46. Kg1 Re7 (46... Rf7 47. Nd8 e2 $19) 47. cxd5 Rxe6 {
"Det enkleste er det beste!"} 48. dxe6 Kg7 49. Kf1 Kf6 50. Ke2 Kxe6 51. Kxe3
Kf5 0-1

[Event "Klubbmesterskapet 2014 (A)"]
[Site "Ås, Akershus NOR"]
[Date "2014.02.27"]
[Round "5"]
[White "Lange, Holger"]
[Black "Fuglseth, Jan"]
[Result "1-0"]
[WhiteElo "1634"]
[BlackElo "1584"]
[PlyCount "129"]
[EventDate "2014.01.16"]

1. e4 c6 2. d4 d5 3. exd5 cxd5 4. Bd3 Nf6 5. Nf3 e6 6. O-O Bd6 7. c3 Nbd7 8.
Re1 O-O 9. Bg5 h6 10. Bh4 Qc7 11. Nbd2 g5 12. Bg3 Nh5 13. Ne5 Nxg3 14. Nxd7
Qxd7 15. hxg3 f5 16. Qh5 Qg7 17. Nf3 Bd7 18. Ne5 Be8 19. Qe2 Bxe5 20. Qxe5 Qxe5
21. Rxe5 Rf6 22. Rae1 Bd7 23. c4 dxc4 24. Bxc4 Kf7 25. d5 Re8 26. Rd1 a6 27.
Bb3 b5 28. Rc1 Ke7 29. Ree1 (29. dxe6 Bxe6 30. Rc6 Kf7 31. Rxa6 $16) 29... Rc8
30. Rxc8 Bxc8 31. Rc1 Bd7 32. Rc7 exd5 33. Rc5 d4 34. Re5+ Be6 35. f4 g4 36.
Kf2 Kd6 37. Bc2 Rf7 38. Ke2 Re7 39. Kd3 Rc7 40. Kd2 Rc5 41. Re1 a5 42. Rh1 a4
43. Rxh6 Rd5 44. b3 a3 45. b4 Ke7 46. Rh7+ Kf6 47. Ra7 Rd6 48. Rxa3 Bd5 49. Bd3
Bc4 50. Ra5 Rb6 51. a4 Bxd3 52. Kxd3 bxa4 53. Rxa4 Ke6 54. Kxd4 Rd6+ 55. Ke3
Rb6 56. Kd3 Rd6+ 57. Kc3 Rc6+ 58. Kb3 Kd5 59. Ra2 Kd4 60. Rd2+ Ke3 61. Rc2 Rb6
62. Rb2 Kd3 63. Ra2 Rb7 64. Ra5 Ke4 65. Re5+ 1-0

[Event "Klubbmesterskapet 2014 (A)"]
[Site "Ås, Akershus NOR"]
[Date "2014.02.27"]
[Round "5"]
[White "Bakken, Svein-Erik"]
[Black "Høva, Frode"]
[Result "0-1"]
[WhiteElo "1408"]
[BlackElo "1540"]
[PlyCount "89"]
[EventDate "2014.01.16"]

1. d4 Nf6 2. c4 c5 3. dxc5 Qa5+ 4. Bd2 Qxc5 5. e3 Nc6 6. Nc3 a6 7. Nf3 g6 8.
Be2 Bg7 9. O-O O-O 10. a3 d5 11. b4 Qd6 12. Qb3 dxc4 13. Bxc4 b5 14. Be2 Be6
15. Qb1 Ne5 16. Rd1 Rac8 17. Be1 Qb8 18. Nd4 Bc4 19. Bxc4 Rxc4 20. Qb3 Neg4 21.
g3 Ne5 22. Rac1 Qb7 23. Nce2 Ne4 24. h3 Rfc8 25. Qb1 Ng5 26. Nf4 Ngf3+ 27. Nxf3
Nxf3+ 28. Kf1 Nxe1 29. Rxc4 bxc4 30. Kxe1 c3 31. Qc2 e6 32. Nd3 Qh1+ 33. Ke2
Qxh3 34. Nc5 a5 35. Qa4 Qg4+ 36. Ke1 Qc4 37. Qxa5 c2 38. Rd8+ Rxd8 39. Qxd8+
Bf8 40. Nd3 c1=Q+ 41. Nxc1 Qxc1+ 42. Ke2 Qxa3 43. b5 Qb2+ 44. Qd2 Qxb5+ 45. Kf3
0-1

[Event "Klubbmesterskapet 2014 (A)"]
[Site "Ås, Akershus NOR"]
[Date "2014.03.06"]
[Round "6"]
[White "Høva, Frode"]
[Black "Lange, Holger"]
[Result "1-0"]
[WhiteElo "1540"]
[BlackElo "1634"]
[Annotator "Furnes,Torstein"]
[PlyCount "75"]
[EventDate "2014.01.16"]

1. d4 d5 2. Nf3 Nf6 3. g3 c6 4. c4 e6 5. Bg2 Be7 6. O-O O-O 7. Nc3 Nbd7 8. Qc2
h6 ({Relevant:} 8... b6 9. Rd1 Bb7 10. Bf4 Nh5 11. Bd2 Nhf6 12. Ne5 Nxe5 13.
dxe5 Nd7 14. cxd5 cxd5 15. Bf4 g5 16. Bc1 {1/2-1/2 (16) Stupak,K (2512)
-Podolchenko,E (2445) Minsk 2012}) 9. b3 b6 10. e4 dxe4 11. Nxe4 Bb7 $146 {En
nyhet som ikke finnes i Chessbase sin database.} ({Predecessor:} 11... Nxe4 12.
Qxe4 Bb7 13. Ne5 Nf6 14. Qe3 Rc8 15. Bb2 Ba8 16. Rad1 Qc7 17. Rfe1 Bd6 18. a3
Rfd8 19. Qe2 Bxe5 20. dxe5 Ne8 21. Rxd8 Rxd8 22. Rd1 Qc8 23. h4 c5 24. Rxd8
Qxd8 25. Bxa8 Qxa8 26. Qd3 Qc6 27. f3 {1/2-1/2 (27) Cejic,D-Milicic,T (2025)
Belgrade 1993}) 12. Bb2 Rc8 13. Rad1 Qc7 14. Ne5 Nxe5 15. dxe5 Nxe4 16. Qxe4
Rfd8 17. f4 Ba8 18. f5 c5 19. Qg4 exf5 20. Qxf5 Bg5 21. Bd5 Be3+ 22. Kg2 Bxd5+
23. Rxd5 Bd4 24. Bxd4 cxd4 25. e6 Rxd5 26. exf7+ Kf8 27. Qxd5 Rd8 $2 $18 {
Ifølge Fritz 11 en feil som gjør at hvits fordel kommer opp i +5.} ({Etter} 
27... Qc6 {er hvits fordel på ca. +0.9.}) 28. Qe4 d3 29. Qh7 Qc6+ 30. Kh3 ({
Det er bedre å spille} 30. Kg1) ({eller} 30. Rf3) 30... Qe6+ 31. Kg2 Qc6+ 32.
Rf3 Ke7 33. f8=Q+ Rxf8 34. Qxg7+ Ke6 35. Qxf8 d2 36. Qxh6+ Kd7 37. Qxc6+ Kxc6
38. Rd3 1-0